| Поле | Инд. | ПП | Название | Значение |
|---|---|---|---|---|
| Тип записи | a | |||
| Библиографический уровень | b | |||
| 001 | Контрольный номер | f238484dda264749a6399b223a7f41e7 | ||
| 005 | Дата корректировки | 20260528110753.0 | ||
| 024 | 80 | a | Стандартный номер | 10.1002/jrs.70161 |
| 040 | a | Служба первич. каталог. | Scopus | |
| b | Код языка каталог. | rus | ||
| 041 | 0_ | a | Код языка текста | eng |
| 097 | a | Костяева О.Г. | ||
| 100 | 1_ | a | Автор | Pankrushina E. A. |
| 100 | 1_ | a | Автор | Roginskii E. M. |
| 100 | 1_ | a | Автор | Puzanova I. G. |
| j | Принадлежность неизвестного автора к последователям, ученикам, сторонникам, школе и т. д. | государственный университет "Дубна" | ||
| q | Полное имя | Пузанова Ирина Геннадьевна | ||
| c | Титул (звания) | заведующий лабораторией | ||
| k | лаборатория высокотемпературного синтеза неорганических материалов | |||
| 100 | 1_ | a | Автор | Chareev D. A. |
| c | Титул (звания) | доцент (ученое звание); кандидат химических наук; профессор (должность); | ||
| i | 000091010 | |||
| g | Прочие сведения | РИНЦ AuthorID: 135561 (http://elibrary.ru/author_profile.asp?id= 135561); SPIN-код: 6270-1872 (http://elibrary.ru/author_items.asp?authorid=135561); Scopus Author ID: 15051531400v (https://www.scopus.com/authid/detail.uri?authorId=15051531400); ORCID ID: http://orcid.org/0000-0002-9380-2680 | ||
| k | Кафедра химии, новых технологий и материалов; Факультет естественных и инженерных наук | |||
| q | Полное имя | Чареев Дмитрий Александрович | ||
| u | Дополнение | Чареев Д. А.; Chareev D. A. | ||
| 245 | 10 | a | Заглавие | Synthetic Cosalite Pb2 Bi2 S5 : Vibrational and Nonlinear Optical Properties |
| 513 | a | отобрано | ||
| 773 | 18 | d | Место и дата издания | 2026 |
| t | Название источника | Journal of Raman Spectroscopy | ||
| b | Сведения об издании | John Wiley & Sons Ltd. | ||
| c | United Kingdom | |||
| m | Специф. данные | входит в Белый список; входит в Scopus; входит в WoS; входит в ядро РИНЦ | ||
| q | У1 Белый список; Q3 Scopus 2025 | |||
| o | Прочие индексы | wos 2.809; scopus 2.78 | ||
| x | ISSN | 0377-0486 | ||
| g | Прочая информация | P. 1–12 | ||
| w | Контрольный № источника | 15285927e0e54d6388484d201cfbbfd5 | ||
| 901 | t | Тип документа | b | |
| 952 | c | Вид литературы | статья в журнале |